| 000 | 00676nam a2200229Ia 4500 | ||
|---|---|---|---|
| 003 | OSt | ||
| 005 | 20230425115550.0 | ||
| 008 | 210423s2008 xx 000 0 und d | ||
| 020 | _a9788186906415 | ||
| 040 | _cAL | ||
| 041 | _aeng | ||
| 082 |
_a330 _223 _bBHUC |
||
| 100 |
_aBHUSHAN (Chandra);HAZRA (Monali Zeya) _992596 |
||
| 245 | _aRich lands poor people: is 'sustainable' mining possible? | ||
| 260 |
_aNew Delhi _bCentre for science and environment _c2008 |
||
| 300 |
_aiv,355 _bPB |
||
| 365 | _cINR | ||
| 650 |
_aEconomics _992597 |
||
| 650 |
_aEconomics _992597 |
||
| 906 | _alands ; mining ; people: ; poor ; possible? ; Rich ; sustainable | ||
| 942 |
_2ddc _cBK |
||
| 999 |
_c161006 _d161006 |
||